000 01105nam0a22003251 4500
001 rc\4620933
005 20130416195639.4
021 _aRU
_b[64-105235]
035 _a(NLR Aleph) 008674740
090 _a9141980
_c9141980
100 _a20130416d1964 |||y0rusy50 ca
101 1 _arus
_ccze
102 _aRU
105 _aa z |||||
200 1 _aПерфолента
_fПеревод с чешского Е.Ф. Юрманова
_gПод ред. Д.К. Жака
210 _aМосква
_c[Статистика]
_d1964
215 _a236 с., 1 л. табл., 13 отд. л. табл.
_cил.
_d22
300 _aДоп. тит. л.: Jan Sedláček, Karel Štĕtka. Dĕrná páska
513 0 _aDĕrná páska
606 _aПерфорационные ленты
_2psbo
606 _aОргатехника
_2psbo
700 1 _aСедлачек
_bЯ.
_gЯн
701 1 _aШтетка
_bК.
_gКарел
702 1 _aЖак
_bД. К.
_4340
702 1 _aЮрманов
_bЕ. Ф.
_4730
801 0 _aRU
_bNLR
_gpsbo
801 1 _aRU
_bELAR
_2rusmarc
852 _aNLR
_j65-5/233
942 _cBOOK
980 _aNB